000 00385nam a2200145Ia 4500
008 230711s9999||||xx |||||||||||||| ||und||
041 _aENG
082 _a4
_bHA-A
100 _aHassoun,Mohamad
245 0 _aFundamentals of artificial neural networks
250 _a1st . Ed.
260 _c2003
_aNew Delhi
_bPHI Learning Private Limited
650 _aComputer Engineering
942 _cBK
999 _c4314
_d4314